[Event "2nd OHRA Open"]
[Site "Amsterdam NED"]
[Date "1983.07.25"]
[Round "9"]
[White "Henley, Ron"]
[Black "Sunye Neto, Jaime"]
[Result "0-1"]
[WhiteElo "2525"]
[BlackElo "2490"]
[EventDate "1983.07.15"]
[PlyCount "86"]

1.d4 Nf6 2.c4 e6 3.Nf3 b6 4.Nc3 Bb4 5.Qc2 Bb7 6.a3 Bxc3+ 7.Qxc3 d6 8.b4 
Nbd7 9.e3 c5 10.Bb2 O-O 11.dxc5 bxc5 12.Be2 a5 13.b5 a4 14.O-O Qe7 15.Nd2 
e5 16.Rad1 Qe6 17.Rfe1 Rfd8 18.Nf1 h5 19.f3 Nf8 20.Qc2 h4 21.e4 Nh5 22.Ne3
Qf6 23.Nd5 Bxd5 24.cxd5 Ng6 25.Bc1 Ngf4 26.Bf1 Rdb8 27.Be3 Qg6 28.Rd2 Qg5 
29.Kf2 Rf8 30.b6 Rab8 31.Rb1 f5 32.exf5 Rxf5 33.Qxa4 Nf6 34.Re2 Rf8 35.Ke1
Qg6 36.Rd2 h3 37.g4 Ng2+ 38.Bxg2 hxg2 39.Rxg2 Rxf3 40.Rb3 Nxd5 41.Qc4 Qf7 
42.Re2 Rf1+ 43.Kd2 Rd1+ 0-1

[Event "2nd OHRA Open"]
[Site "Amsterdam NED"]
[Date "1983.07.25"]
[Round "9"]
[White "Borm, Franciscus"]
[Black "Van der Wiel, John"]
[Result "0-1"]
[WhiteElo "2355"]
[BlackElo "2515"]
[EventDate "1983.07.15"]
[PlyCount "122"]

1.e4 c5 2.Nf3 d6 3.d4 Nf6 4.Nc3 cxd4 5.Nxd4 Nc6 6.Be2 g6 7.O-O Nxd4 8.Qxd4
Bg7 9.Bg5 O-O 10.Qe3 Be6 11.Rfd1 Qa5 12.h3 Rfc8 13.a3 Rc7 14.Bf3 Kf8 15.
Rd3 Nd7 16.Nd5 Bxd5 17.exd5 Re8 18.Rb3 Nb6 19.Qe2 Nc4 20.Rb1 e6 21.Rb4 
exd5 22.Qd1 Nxb2 23.Qxd5 Qxd5 24.Bxd5 Re5 25.Bd8 Rd7 26.Bxb7 Rxd8 27.R4xb2
Re2 28.Rb4 Rxc2 29.Rd1 Bb2 30.Bd5 Rd7 31.Be4 Rc1 32.Rxc1 Bxc1 33.a4 Re7 
34.Bf3 Re1+ 35.Kh2 Rf1 36.Kg3 Ba3 37.Rb8+ Kg7 38.Bd5 Rd1 39.Bf3 Rd2 40.Re8
Bb2 41.Bc6 Bd4 42.f3 Bf2+ 43.Kh2 h5 44.g4 h4 45.Bb5 Be3+ 46.Kh1 Bf4 47.Re2
Rd1+ 48.Kg2 Kf6 49.Re4 Rd2+ 50.Re2 Rxe2+ 51.Bxe2 Ke5 52.Bb5 g5 53.Kf2 a5 
54.Ke2 Bc1 55.Be8 f6 56.Bc6 Bf4 57.Bb7 d5 58.Bc6 d4 59.Be4 Be3 60.Kf1 Kf4 
61.Kg2 Bd2 0-1

[Event "2nd OHRA Open"]
[Site "Amsterdam NED"]
[Date "1983.07.25"]
[Round "9"]
[White "Franco Ocampos, Zenon"]
[Black "Bohm, Hans"]
[Result "1/2-1/2"]
[WhiteElo "2495"]
[BlackElo "2390"]
[EventDate "1983.07.15"]
[PlyCount "87"]

1.c4 f5 2.Nc3 Nf6 3.g3 e5 4.Bg2 c5 5.e3 Nc6 6.Nge2 d6 7.d4 Be7 8.dxc5 dxc5
9.Bxc6+ bxc6 10.Qxd8+ Kxd8 11.b3 Kc7 12.Na4 Be6 13.Bb2 e4 14.O-O-O Rad8 
15.Bxf6 gxf6 16.f3 Bf7 17.Nf4 Bd6 18.fxe4 fxe4 19.Rhf1 f5 20.Rd2 Rhe8 21.
Ng2 Bg6 22.Nh4 Re5 23.Rdf2 Be7 24.Ng2 Rd6 25.Nf4 Be8 26.Rd1 Rxd1+ 27.Kxd1 
Bd6 28.Kd2 Bf7 29.Kc2 Re8 30.Ng2 Bg6 31.Nf4 Kd7 32.Rd2 Ke7 33.Rd1 Bf7 34.
Rd2 Rg8 35.Rd1 h5 36.Ng2 Ke6 37.Rd2 Be8 38.Kd1 Ke5 39.Ke2 Be7 40.Kf2 Rg4 
41.h4 Rg6 42.Nf4 Rd6 43.Ke2 Bf7 44.Kd1 1/2-1/2

[Event "2nd OHRA Open"]
[Site "Amsterdam NED"]
[Date "1983.07.25"]
[Round "9"]
[White "Van Wijgerden, Cornelis"]
[Black "Boersma, Paulus"]
[Result "1/2-1/2"]
[WhiteElo "2430"]
[BlackElo "2355"]
[EventDate "1983.07.15"]
[PlyCount "54"]

1.g3 d5 2.Bg2 c6 3.d3 e5 4.Nf3 Nd7 5.O-O Ngf6 6.Nbd2 Bd6 7.b3 O-O 8.e3 Re8
9.Bb2 b5 10.c4 Bb7 11.Qc2 a6 12.Rac1 c5 13.cxd5 Bxd5 14.Ne4 Bf8 15.Nxf6+ 
gxf6 16.Nh4 Nb6 17.Qe2 Ra7 18.Be4 Bxe4 19.dxe4 Rd7 20.Rc2 c4 21.Nf5 Kh8 
22.Qg4 b4 23.bxc4 Rd2 24.Rxd2 Qxd2 25.Qh5 Kg8 26.Qg4+ Kh8 27.Qh5 Kg8 
1/2-1/2

[Event "2nd OHRA Open"]
[Site "Amsterdam NED"]
[Date "1983.07.25"]
[Round "9"]
[White "Vogel, Jaap"]
[Black "De Roode, Peter"]
[Result "1-0"]
[WhiteElo "2325"]
[BlackElo "2250"]
[EventDate "1983.07.15"]
[PlyCount "55"]

1.Nf3 Nf6 2.g3 d5 3.Bg2 c5 4.O-O Nc6 5.d4 e6 6.c4 Be7 7.dxc5 Bxc5 8.Nc3 d4
9.Na4 Be7 10.e3 e5 11.exd4 exd4 12.Bf4 Bf5 13.Ne5 Rc8 14.Re1 O-O 15.Nxc6 
bxc6 16.c5 Qd7 17.b4 Rfe8 18.Nb2 Nd5 19.Qxd4 Nxf4 20.Qxf4 Bf6 21.Nc4 Bxa1 
22.Rxa1 Re2 23.Nd6 Be6 24.Nxc8 Qxc8 25.a3 Rb2 26.Qd6 Bd7 27.Rd1 Be8 28.
Bxc6 1-0

[Event "2nd OHRA Open"]
[Site "Amsterdam NED"]
[Date "1983.07.25"]
[Round "9"]
[White "Lengyel, Bela"]
[Black "Van der Vliet, Fredrik"]
[Result "1-0"]
[WhiteElo "2315"]
[BlackElo "2345"]
[EventDate "1983.07.15"]
[PlyCount "74"]

1.e4 c5 2.Nf3 d6 3.d4 cxd4 4.Nxd4 Nf6 5.Nc3 a6 6.Be2 e6 7.O-O Be7 8.f4 O-O
9.Be3 Qc7 10.Bf3 Nc6 11.Kh1 Bd7 12.Qe2 Rac8 13.Qf2 b5 14.Nb3 Rb8 15.Rad1 
Rfd8 16.e5 Ne8 17.Ne4 dxe5 18.fxe5 Nxe5 19.Bf4 Nd3 20.Rxd3 Qxf4 21.Nec5 
Nf6 22.Rd4 Qf5 23.Nxa6 Rbc8 24.Rd2 Be8 25.Nd4 Qg5 26.Bb7 Rc4 27.Rfd1 Ng4 
28.Qg1 Qe3 29.c3 Qxg1+ 30.Kxg1 Bg5 31.Rd3 Be3+ 32.Kf1 Bxd4 33.b3 Nxh2+ 34.
Ke2 f6 35.bxc4 Bh5+ 36.Bf3 Nxf3 37.gxf3 Ra8 1-0

[Event "2nd OHRA Open"]
[Site "Amsterdam NED"]
[Date "1983.07.25"]
[Round "9"]
[White "Murey, Jacob"]
[Black "Langeweg, Christian"]
[Result "1/2-1/2"]
[WhiteElo "2485"]
[BlackElo "2420"]
[EventDate "1983.07.15"]
[PlyCount "121"]

1.e4 e5 2.Nf3 Nc6 3.Bb5 a6 4.Ba4 d6 5.O-O Bd7 6.c3 Nf6 7.Re1 Be7 8.d3 O-O 
9.Nbd2 Re8 10.a3 Bf8 11.b4 d5 12.exd5 Nxd5 13.Ne4 h6 14.Bb3 Be6 15.Qc2 Nf6
16.Bb2 Nxe4 17.dxe4 a5 18.Rad1 Qf6 19.Bd5 Nd8 20.Nd2 c6 21.Bc4 Bd6 22.Be2 
Qe7 23.Nc4 Bxc4 24.Bxc4 Ne6 25.Re3 Bc7 26.Bc1 axb4 27.axb4 Red8 28.Rf1 Rd7
29.Rf3 b5 30.Bb3 Bb6 31.g3 Kh7 32.Kg2 Raa7 33.Qe2 Qd6 34.Rd1 Qe7 35.Rxd7 
Rxd7 36.Rf5 g6 37.Rxe5 Qf6 38.f4 Bc7 39.Bxe6 fxe6 40.Rc5 e5 41.Qg4 Re7 42.
f5 Kg7 43.fxg6 Bb6 44.Qh5 Bxc5 45.Bxh6+ Kg8 46.bxc5 Re6 47.Qf5 Qxg6 48.Bg5
Qxf5 49.exf5 Re8 50.g4 Kf7 51.Kf3 Ra8 52.Ke4 Ra4+ 53.Kxe5 Rxg4 54.Be3 Rh4 
55.Bd4 Ke7 56.Be3 Rxh2 57.f6+ Kd7 58.f7 Ke7 59.f8=Q+ Kxf8 60.Kd6 Rh3 61.
Bd4 1/2-1/2

[Event "2nd OHRA Open"]
[Site "Amsterdam NED"]
[Date "1983.07.25"]
[Round "9"]
[White "Ligterink, Gert"]
[Black "Van Mil, Johannes"]
[Result "1-0"]
[WhiteElo "2430"]
[BlackElo "2340"]
[EventDate "1983.07.15"]
[PlyCount "41"]

1.e4 c5 2.Nc3 d6 3.Nf3 Nc6 4.d4 cxd4 5.Nxd4 e6 6.Be3 Nf6 7.f4 Be7 8.Qf3 
O-O 9.O-O-O Bd7 10.Rg1 Nxd4 11.Bxd4 Qa5 12.g4 e5 13.Bf2 Rac8 14.g5 Rxc3 
15.bxc3 Qa3+ 16.Kd2 Ne8 17.Bc4 d5 18.Bxd5 Nd6 19.fxe5 Nb5 20.Rb1 Qa5 21.g6
1-0

[Event "2nd OHRA Open"]
[Site "Amsterdam NED"]
[Date "1983.07.25"]
[Round "9"]
[White "Van Baarle, John"]
[Black "De Boer, Gert Jan"]
[Result "1/2-1/2"]
[WhiteElo "2345"]
[BlackElo "2330"]
[EventDate "1983.07.15"]
[PlyCount "102"]

1.e4 c5 2.Nf3 e6 3.c3 d5 4.exd5 Qxd5 5.d4 Nf6 6.Bd3 Be7 7.Be3 Nc6 8.O-O 
O-O 9.dxc5 Rd8 10.Bc2 Qxd1 11.Rxd1 Rxd1+ 12.Bxd1 Ng4 13.Bf4 Bxc5 14.Bg3 
Bd7 15.Nbd2 Nf6 16.Bc2 Rd8 17.Rd1 Be8 18.Ng5 Be7 19.Nc4 Rxd1+ 20.Bxd1 h6 
21.Nf3 Ne4 22.Bc7 Bc5 23.Ne3 Ne7 24.Nd4 Bxd4 25.cxd4 Nf6 26.f3 Nfd5 27.
Nxd5 Nxd5 28.Bb8 a6 29.a3 Ne3 30.Be2 Bb5 31.Kf2 Nf5 32.Ba7 Bxe2 33.Kxe2 
Ne7 34.g4 Nd5 35.Bb8 Kf8 36.Kd3 Ke7 37.Be5 g6 38.Bg3 Kd7 39.Be1 Kd6 40.Bd2
h5 41.gxh5 gxh5 42.Ke4 f5+ 43.Kd3 b5 44.b3 Kc6 45.Ba5 Nf4+ 46.Ke3 Ng6 47.
Bd8 Kd7 48.Bb6 Kd6 49.Bd8 Kc6 50.Ba5 Kd5 51.Bc7 Kc6 1/2-1/2

[Event "2nd OHRA Open"]
[Site "Amsterdam NED"]
[Date "1983.07.25"]
[Round "9"]
[White "Hresc, Vladimir"]
[Black "Johansen, Darryl"]
[Result "0-1"]
[WhiteElo "2450"]
[BlackElo "2485"]
[EventDate "1983.07.15"]
[PlyCount "88"]

1.e4 c5 2.c3 b6 3.d4 Bb7 4.d5 Nf6 5.f3 e6 6.c4 d6 7.Nc3 exd5 8.cxd5 g6 9.
Bc4 Bg7 10.Nge2 O-O 11.O-O Ba6 12.Qd3 Bxc4 13.Qxc4 a6 14.Be3 b5 15.Qd3 
Nbd7 16.Rae1 Ne5 17.Qc2 Rc8 18.h3 Re8 19.g4 c4 20.Nc1 Ned7 21.Qf2 Qc7 22.
a3 Nc5 23.Bd4 h6 24.Kg2 Re7 25.Re2 Nfd7 26.Bxg7 Kxg7 27.f4 Rce8 28.h4 Qb6 
29.Qd4+ Kg8 30.g5 h5 31.Rd1 a5 32.Rf1 b4 33.axb4 axb4 34.Nd1 Rxe4 35.Qd2 
Rxe2+ 36.Nxe2 Nb3 37.Qc2 Nd4 38.Nxd4 Qxd4 39.Qa4 Qxd5+ 40.Kg1 Re2 41.Nf2 
Nc5 42.Qxb4 Nd3 43.Qb8+ Kh7 44.Qf8 Nxf4 0-1

[Event "2nd OHRA Open"]
[Site "Amsterdam NED"]
[Date "1983.07.25"]
[Round "9"]
[White "Berg, Klaus"]
[Black "Grooten, Herman"]
[Result "1-0"]
[WhiteElo "2400"]
[BlackElo "2340"]
[EventDate "1983.07.15"]
[PlyCount "41"]

1.c4 Nf6 2.Nf3 c5 3.e3 g6 4.d4 Bg7 5.Nc3 O-O 6.Be2 cxd4 7.exd4 d5 8.O-O 
Nbd7 9.Re1 dxc4 10.Bxc4 Nb6 11.Bb3 a5 12.a4 Bd7 13.d5 Bg4 14.h3 Bxf3 15.
Qxf3 Rc8 16.Bf4 Nc4 17.Qe2 Nxd5 18.Nxd5 Qxd5 19.Rac1 Qf5 20.Rxc4 Rxc4 21.
Qxc4 1-0

[Event "2nd OHRA Open"]
[Site "Amsterdam NED"]
[Date "1983.07.26"]
[Round "10"]
[White "Sax, Gyula"]
[Black "Van der Sterren, Paul"]
[Result "0-1"]
[WhiteElo "2570"]
[BlackElo "2445"]
[EventDate "1983.07.15"]
[PlyCount "96"]

1.e4 d6 2.g3 g6 3.Bg2 Bg7 4.Nf3 c5 5.d4 cxd4 6.Nxd4 Nf6 7.O-O O-O 8.Nc3 
Nc6 9.Nde2 Bd7 10.h3 Rc8 11.Kh2 Qa5 12.Nd5 Nxd5 13.exd5 Ne5 14.Nd4 Qb6 15.
c3 Bb5 16.Nxb5 Qxb5 17.Re1 Qd3 18.Be3 Qxd1 19.Raxd1 Nc4 20.Bc1 Rfe8 21.Bf1
a6 22.a4 b5 23.axb5 axb5 24.Re4 Rc5 25.Kg2 Bf6 26.g4 g5 27.h4 h6 28.hxg5 
hxg5 29.b3 Nb6 30.c4 bxc4 31.bxc4 Rc7 32.f4 Rec8 33.fxg5 Be5 34.Bf4 Nxc4 
35.Rc1 Bxf4 36.Rcxc4 Bxg5 37.Kf3 Kg7 38.Bd3 Rxc4 39.Rxc4 Rh8 40.Bf1 Rb8 
41.Bd3 Rb3 42.Ke4 Rb2 43.Kf5 Rd2 44.Be4 Be3 45.Rc2 Rd1 46.Bg2 Rd4 47.Be4 
Ra4 48.Rc7 e6+ 0-1

[Event "2nd OHRA Open"]
[Site "Amsterdam NED"]
[Date "1983.07.26"]
[Round "10"]
[White "Van der Wiel, John"]
[Black "Ree, Hans"]
[Result "1/2-1/2"]
[WhiteElo "2515"]
[BlackElo "2500"]
[EventDate "1983.07.15"]
[PlyCount "39"]

1.e4 e6 2.d4 d5 3.Nd2 Nf6 4.e5 Nfd7 5.f4 c5 6.c3 Nc6 7.Ndf3 Qb6 8.g3 f5 9.
Ne2 a5 10.Ng5 Ndb8 11.Rg1 Be7 12.g4 Bxg5 13.fxg5 cxd4 14.cxd4 O-O 15.gxf5 
Rxf5 16.Bh3 Rf3 17.Bg4 Nxe5 18.dxe5 Qf2+ 19.Kd2 Qe3+ 20.Ke1 1/2-1/2

[Event "2nd OHRA Open"]
[Site "Amsterdam NED"]
[Date "1983.07.26"]
[Round "10"]
[White "Lobron, Eric"]
[Black "Boersma, Paulus"]
[Result "1-0"]
[WhiteElo "2480"]
[BlackElo "2355"]
[EventDate "1983.07.15"]
[PlyCount "73"]

1.e4 c6 2.d3 d5 3.Nd2 e5 4.Ngf3 Bd6 5.Be2 Nf6 6.O-O O-O 7.c3 Re8 8.Re1 
Nbd7 9.Bf1 h6 10.Qc2 a5 11.b3 dxe4 12.dxe4 b5 13.a4 Qb6 14.axb5 cxb5 15.b4
Bb7 16.bxa5 Rxa5 17.Rxa5 Qxa5 18.Qd3 Qc7 19.Qxb5 Bc5 20.h3 Bc6 21.Qe2 Rb8 
22.Nh4 Nf8 23.Nf5 Ne6 24.Qf3 Kf8 25.Nc4 Ng5 26.Bxg5 hxg5 27.Bd3 Ra8 28.Qg3
Ra2 29.Qxg5 Bxf2+ 30.Kh1 Ne8 31.Rf1 Bxe4 32.Bxe4 f6 33.Qh5 Qxc4 34.Qxe8+ 
Kxe8 35.Nd6+ Ke7 36.Nxc4 Ra4 37.Bd5 1-0

[Event "2nd OHRA Open"]
[Site "Amsterdam NED"]
[Date "1983.07.26"]
[Round "10"]
[White "Borm, Franciscus"]
[Black "Ligterink, Gert"]
[Result "1/2-1/2"]
[WhiteElo "2355"]
[BlackElo "2430"]
[EventDate "1983.07.15"]
[PlyCount "116"]

1.e4 c5 2.Nf3 d6 3.d4 cxd4 4.Nxd4 Nf6 5.Nc3 Nc6 6.Be2 e5 7.Nf3 h6 8.O-O 
Be7 9.Re1 O-O 10.h3 Re8 11.a3 Bf8 12.Bf1 a6 13.Be3 Rb8 14.Bc4 Be6 15.Bd5 
Qd7 16.Bb6 Be7 17.Qd3 Bd8 18.Be3 b5 19.Rad1 Bc7 20.b4 Red8 21.Nd2 Ne7 22.
Bxe6 fxe6 23.Ne2 d5 24.Bc5 Nc6 25.Ng3 Qf7 26.Qf3 a5 27.c3 Nd7 28.Qxf7+ 
Kxf7 29.Nf3 Nxc5 30.bxc5 d4 31.Ne2 dxc3 32.Rxd8 Bxd8 33.Nxc3 b4 34.axb4 
Rxb4 35.Rb1 Rxb1+ 36.Nxb1 Be7 37.Nc3 Bxc5 38.Na4 Bd4 39.Kf1 Ke7 40.Nd2 Kd7
41.Nb3 Kc7 42.Ke1 Bb6 43.Nbc5 Bxc5 44.Nxc5 Nd4 45.Kd2 Kc6 46.Nd3 Kd6 47.
Nb2 Kc5 48.Nd3+ Kc4 49.Nxe5+ Kb3 50.Nd3 a4 51.Nc5+ Kb4 52.Nxa4 Kxa4 53.Kd3
Nb5 54.Kc4 Nd6+ 55.Kd4 Nf7 56.Kc5 Kb3 57.Kc6 Kc4 58.Kd7 Ng5 1/2-1/2

[Event "2nd OHRA Open"]
[Site "Amsterdam NED"]
[Date "1983.07.26"]
[Round "10"]
[White "Franco Ocampos, Zenon"]
[Black "Lengyel, Bela"]
[Result "1-0"]
[WhiteElo "2495"]
[BlackElo "2315"]
[EventDate "1983.07.15"]
[PlyCount "89"]

1.e4 e5 2.Nf3 Nc6 3.Bb5 a6 4.Ba4 Nf6 5.d4 exd4 6.O-O Be7 7.Re1 b5 8.e5 
Nxe5 9.Rxe5 d6 10.Re1 bxa4 11.Nxd4 Bd7 12.Qf3 O-O 13.Nc6 Bxc6 14.Qxc6 Re8 
15.Nc3 Ng4 16.Qxa4 Bh4 17.Rf1 h5 18.Bf4 Rb8 19.Rab1 Bf6 20.h3 Ne5 21.Nd5 
Ng6 22.Be3 Bxb2 23.Qxa6 c5 24.c3 Qd7 25.Qe2 Qf5 26.Rfd1 Ba3 27.Rb3 Rxb3 
28.axb3 Nh4 29.Qc4 Qc2 30.Rf1 Re4 31.Qa6 Bb2 32.Qxd6 Qxb3 33.Qxc5 Ba3 34.
Qc6 Re6 35.Qd7 Bd6 36.Nf4 Bxf4 37.Bxf4 Ng6 38.Qd8+ Kh7 39.Qd3 Rc6 40.Be5 
Qe6 41.Bd4 Qd5 42.Re1 f5 43.Qg3 f4 44.Qd3 Kh6 45.Bxg7+ 1-0

[Event "2nd OHRA Open"]
[Site "Amsterdam NED"]
[Date "1983.07.26"]
[Round "10"]
[White "Langeweg, Christian"]
[Black "Van Wijgerden, Cornelis"]
[Result "1/2-1/2"]
[WhiteElo "2420"]
[BlackElo "2430"]
[EventDate "1983.07.15"]
[PlyCount "73"]

1.d4 d5 2.c4 c6 3.Nf3 Nf6 4.Nc3 e6 5.Bg5 dxc4 6.e4 b5 7.e5 h6 8.Bh4 g5 9.
Nxg5 hxg5 10.Bxg5 Nbd7 11.exf6 Bb7 12.g3 c5 13.d5 Bh6 14.Bxh6 Rxh6 15.Bg2 
b4 16.Ne4 Nxf6 17.Qa4+ Kf8 18.Nxc5 Bxd5 19.Qxb4 Kg7 20.O-O-O Qb6 21.Qxb6 
axb6 22.Bxd5 exd5 23.Nb7 Ne4 24.Rxd5 Nxf2 25.Rf1 Rxh2 26.Rd2 Nd3+ 27.Kc2 
Nb4+ 28.Kd1 Rxd2+ 29.Kxd2 Ra7 30.Nd6 Rd7 31.Rxf7+ Rxf7 32.Nxf7 Kxf7 33.Kc3
Nd5+ 34.Kxc4 Nc7 35.a4 Ke6 36.a5 bxa5 37.Kc5 1/2-1/2

[Event "2nd OHRA Open"]
[Site "Amsterdam NED"]
[Date "1983.07.26"]
[Round "10"]
[White "Vogel, Jaap"]
[Black "Murey, Jacob"]
[Result "1/2-1/2"]
[WhiteElo "2325"]
[BlackElo "2485"]
[EventDate "1983.07.15"]
[PlyCount "95"]

1.Nf3 g6 2.g3 Bg7 3.d4 c5 4.c3 Na6 5.Bg2 Nf6 6.O-O O-O 7.h3 d6 8.Re1 Ne4 
9.Bf4 cxd4 10.cxd4 e5 11.dxe5 Qb6 12.Be3 Qxb2 13.Bd4 Qb4 14.a3 Qc4 15.Nbd2
Nxd2 16.Qxd2 d5 17.a4 Nc5 18.Rac1 Nb3 19.Rxc4 Nxd2 20.Rc7 Nb3 21.e3 b6 22.
Ng5 Be6 23.Rb1 Nxd4 24.exd4 Bh6 25.Nxe6 fxe6 26.Rb2 Rf7 27.Rbc2 Bf8 28.h4 
Re8 29.Bh3 Rxc7 30.Rxc7 Ba3 31.Rc2 Kf7 32.Bf1 Re7 33.Bd3 Ke8 34.Kf1 Kd8 
35.Ke2 Rc7 36.h5 Rxc2+ 37.Bxc2 Bb2 38.Ke3 Bc1+ 39.Ke2 Bb2 40.Bxg6 Bxd4 41.
f4 h6 42.Bd3 Ke7 43.Ba6 Kf7 44.Bc8 Bc3 45.Kf3 Bd2 46.g4 Ke7 47.f5 Bc3 48.
Bxe6 1/2-1/2

[Event "2nd OHRA Open"]
[Site "Amsterdam NED"]
[Date "1983.07.26"]
[Round "10"]
[White "Van Mil, Johannes"]
[Black "Berg, Klaus"]
[Result "1/2-1/2"]
[WhiteElo "2340"]
[BlackElo "2400"]
[EventDate "1983.07.15"]
[PlyCount "37"]

1.e4 c6 2.d4 d5 3.Nd2 dxe4 4.Nxe4 Bf5 5.Ng3 Bg6 6.h4 h6 7.Nf3 Nd7 8.h5 Bh7
9.Bd3 Bxd3 10.Qxd3 Qc7 11.Bd2 Ngf6 12.O-O-O e6 13.Ne4 Be7 14.Nxf6+ Bxf6 
15.Kb1 c5 16.d5 e5 17.c4 b5 18.cxb5 O-O 19.Rhe1 1/2-1/2

[Event "2nd OHRA Open"]
[Site "Amsterdam NED"]
[Date "1983.07.28"]
[Round "11"]
[White "Van der Sterren, Paul"]
[Black "Chandler, Murray Graham"]
[Result "0-1"]
[WhiteElo "2445"]
[BlackElo "2485"]
[EventDate "1983.07.15"]
[PlyCount "84"]

1.d4 Nf6 2.c4 e6 3.Nf3 c5 4.d5 exd5 5.cxd5 d6 6.Nc3 g6 7.e4 Bg7 8.Nd2 O-O 
9.Be2 Re8 10.O-O Nbd7 11.a4 Ne5 12.Re1 a6 13.Nf1 Rb8 14.f4 Ned7 15.Nd2 c4 
16.e5 dxe5 17.Nxc4 b5 18.axb5 axb5 19.Nxe5 b4 20.Na4 Nxe5 21.fxe5 Nxd5 22.
Bf3 Rb5 23.Qd4 Bb7 24.b3 Qb8 25.Bb2 Nc7 26.Bxb7 Ne6 27.Qe4 Rxb7 28.Rad1 h5
29.h3 Rbe7 30.Rd6 Bf8 31.Kh1 Rc7 32.Rc6 Rxc6 33.Qxc6 Rc8 34.Qe4 Rd8 35.Qe3
Qb5 36.Qf3 Rd3 37.Re3 Rd2 38.Re1 Qd3 39.Rf1 Qxf3 40.Rxf3 Nc5 41.e6 Nxa4 
42.exf7+ Kh7 0-1

[Event "2nd OHRA Open"]
[Site "Amsterdam NED"]
[Date "1983.07.28"]
[Round "11"]
[White "Kuijf, Marinus"]
[Black "Sunye Neto, Jaime"]
[Result "1-0"]
[WhiteElo "2420"]
[BlackElo "2490"]
[EventDate "1983.07.15"]
[PlyCount "85"]

1.e4 c5 2.Ne2 d6 3.Nbc3 Nf6 4.g3 Nc6 5.Bg2 g6 6.O-O Bg7 7.d3 O-O 8.h3 e5 
9.Be3 Nd4 10.f4 Nxe2+ 11.Nxe2 exf4 12.Nxf4 Bd7 13.Qd2 Bc6 14.Kh2 Nd7 15.c3
Ne5 16.b3 Re8 17.Rf2 Nd7 18.Raf1 Ne5 19.a4 Nd7 20.b4 cxb4 21.cxb4 Ne5 22.
b5 Bd7 23.Nd5 Re6 24.Bg5 Qf8 25.Nc7 Rc8 26.Nxe6 Bxe6 27.d4 Nc4 28.Qd1 Rc7 
29.Rc2 a6 30.bxa6 bxa6 31.Qd3 h6 32.Bf4 g5 33.Bc1 Qc8 34.Rff2 Bd7 35.Bf1 
Na5 36.Rxc7 Qxc7 37.Rc2 Qb7 38.Rb2 Qc7 39.Rc2 Qb7 40.Ra2 Nc6 41.Rb2 Qa7 
42.Be3 Nxd4 43.Bg2 1-0

[Event "2nd OHRA Open"]
[Site "Amsterdam NED"]
[Date "1983.07.28"]
[Round "11"]
[White "Bohm, Hans"]
[Black "Johansen, Darryl"]
[Result "1-0"]
[WhiteElo "2390"]
[BlackElo "2485"]
[EventDate "1983.07.15"]
[PlyCount "47"]

1.d4 e6 2.e4 c5 3.d5 exd5 4.exd5 d6 5.Bb5+ Nd7 6.Nf3 Nf6 7.O-O Be7 8.Re1 
a6 9.Bf1 O-O 10.a4 b6 11.c4 Ne8 12.Nc3 Nc7 13.Qc2 Nf6 14.Bd3 Re8 15.b3 Bd7
16.Ng5 h6 17.Bh7+ Kf8 18.Nxf7 Kxf7 19.Qg6+ Kf8 20.Bxh6 gxh6 21.Qxh6+ Kf7 
22.Bg6+ Kg8 23.Ne4 Ncxd5 24.cxd5 1-0

[Event "2nd OHRA Open"]
[Site "Amsterdam NED"]
[Date "1983.07.28"]
[Round "11"]
[White "Langeweg, Christian"]
[Black "Borm, Franciscus"]
[Result "1/2-1/2"]
[WhiteElo "2420"]
[BlackElo "2355"]
[EventDate "1983.07.15"]
[PlyCount "111"]

1.d4 d5 2.c4 e6 3.Nc3 Nf6 4.cxd5 exd5 5.Bg5 c6 6.e3 h6 7.Bh4 Be7 8.Bd3 O-O
9.Qc2 Re8 10.Nf3 Nbd7 11.Bg3 Nf8 12.O-O Nh5 13.Be5 Bg4 14.Bf5 Bxf3 15.gxf3
Bd6 16.Bxd6 Qxd6 17.Kh1 g6 18.Rg1 Kh8 19.Bd3 f5 20.Rg2 Qf6 21.Rag1 Re7 22.
f4 Ng7 23.Nb1 Ne8 24.Nd2 Nd6 25.Nf3 Rae8 26.Rg3 Ne4 27.Rh3 Rh7 28.Ne5 Ree7
29.Bxe4 dxe4 30.f3 exf3 31.Rxf3 Qe6 32.Rfg3 Rhg7 33.b3 Qd5+ 34.R1g2 Kh7 
35.h3 Rg8 36.Kh2 Reg7 37.h4 h5 38.Rg5 Kh6 39.Rg1 Nd7 40.Qc4 Nf6 41.Qxd5 
Nxd5 42.R5g3 Nf6 43.Rc1 Re7 44.Kg2 Ne4 45.Rh3 Rd8 46.Rh2 Rd5 47.Kf3 c5 48.
Rhc2 cxd4 49.exd4 Rxd4 50.Rc7 Rxc7 51.Rxc7 Rb4 52.Ke3 Nf6 53.Nf7+ Kg7 54.
Ng5+ Kg8 55.Rc8+ Kg7 56.Rc7+ 1/2-1/2

[Event "2nd OHRA Open"]
[Site "Amsterdam NED"]
[Date "1983.07.28"]
[Round "11"]
[White "Van Wijgerden, Cornelis"]
[Black "Vogel, Jaap"]
[Result "1/2-1/2"]
[WhiteElo "2430"]
[BlackElo "2325"]
[EventDate "1983.07.15"]
[PlyCount "86"]

1.c4 Nf6 2.Nc3 e6 3.e4 d5 4.e5 Nfd7 5.d4 dxc4 6.Bxc4 c5 7.Nf3 Nc6 8.Bf4 
cxd4 9.Nxd4 Ndxe5 10.Nxc6 Qxd1+ 11.Rxd1 Nxc6 12.Nb5 Bb4+ 13.Ke2 O-O 14.a3 
Be7 15.Rd2 a6 16.Nc7 Ra7 17.Rc1 b6 18.Ba2 e5 19.Rxc6 exf4 20.Nd5 Bg5 21.f3
Be6 22.Rxb6 Re8 23.Kd1 Bf5 24.Re2 Rd8 25.Rd6 Rad7 26.Rxd7 Bxd7 27.Bc4 a5 
28.Rd2 Bf5 29.b3 g6 30.Nc7 Rxd2+ 31.Kxd2 Be7 32.b4 axb4 33.Nd5 Bd6 34.axb4
Be6 35.b5 Bxd5 36.Bxd5 Kf8 37.Kd3 Ke7 38.Kd4 f6 39.Bg8 Kd7 40.Bxh7 g5 41.
Kd5 Be5 42.b6 Kc8 43.Kc6 Kb8 1/2-1/2

[Event "2nd OHRA Open"]
[Site "Amsterdam NED"]
[Date "1983.07.28"]
[Round "11"]
[White "Lengyel, Bela"]
[Black "Van Baarle, John"]
[Result "1-0"]
[WhiteElo "2315"]
[BlackElo "2345"]
[EventDate "1983.07.15"]
[PlyCount "117"]

1.e4 d6 2.d4 Nf6 3.Nc3 g6 4.Nf3 Bg7 5.Be2 O-O 6.O-O c6 7.a4 Nbd7 8.Bf4 Nh5
9.Be3 e5 10.Qd2 Qe7 11.Rad1 f5 12.dxe5 dxe5 13.Qd6 Qxd6 14.Rxd6 f4 15.Bc4+
Kh8 16.Bc1 Bf6 17.Rfd1 Nb6 18.Be2 a5 19.b3 Bg4 20.Ne1 Bxe2 21.Nxe2 Rae8 
22.Bb2 Kg8 23.Nf3 Be7 24.R6d3 Nf6 25.Bxe5 Nxe4 26.Rd4 Ng5 27.Rxf4 Rxf4 28.
Nxf4 Nxf3+ 29.gxf3 Bc5 30.Bc7 Re7 31.Bd8 Rf7 32.Ne6 Nd7 33.Bxa5 b6 34.Nxc5
bxc5 35.Kg2 Kf8 36.Bc7 Nf6 37.Bd6+ Kg8 38.Bxc5 Nd5 39.Be3 Re7 40.Rxd5 cxd5
41.a5 Kf7 42.b4 Rb7 43.c3 Ke6 44.a6 Rb8 45.a7 Ra8 46.Kg3 Kd7 47.Kf4 Kc6 
48.Kg5 Kb7 49.Kh6 Rc8 50.Bd4 Rc7 51.h4 Rf7 52.Bg7 Rxf3 53.Kxh7 Rxf2 54.
Kxg6 Rg2+ 55.Kh6 Kxa7 56.h5 Rh2 57.Kg6 Rg2+ 58.Kh7 Kb6 59.h6 1-0

[Event "2nd OHRA Open"]
[Site "Amsterdam NED"]
[Date "1983.07.28"]
[Round "11"]
[White "De Roode, Peter"]
[Black "Van Mil, Johannes"]
[Result "1-0"]
[WhiteElo "2250"]
[BlackElo "2340"]
[EventDate "1983.07.15"]
[PlyCount "112"]

1.c4 f5 2.Nc3 g6 3.d4 Bg7 4.g3 d6 5.d5 Nf6 6.Bg2 O-O 7.Nh3 Na6 8.O-O Nc5 
9.Qc2 a5 10.b3 Bd7 11.Bb2 a4 12.Rac1 axb3 13.axb3 c6 14.b4 Na6 15.dxc6 
Bxc6 16.Nd5 Bxd5 17.Bxd5+ Nxd5 18.Bxg7 Ndxb4 19.Qb2 Re8 20.Bh6 e5 21.Rfd1 
Qd7 22.f4 Nc6 23.fxe5 Nxe5 24.c5 d5 25.Nf4 Nc7 26.Rd2 Ng4 27.Nxd5 Nxd5 28.
Rxd5 Qe7 29.Bf4 Qxe2 30.Rd2 Qe4 31.Rcd1 Ne5 32.Bxe5 Rxe5 33.Rd8+ Rxd8 34.
Rxd8+ Kf7 35.Rd2 Qe1+ 36.Kg2 Qe4+ 37.Kg1 Re7 38.Qb3+ Qe6 39.Qb2 Qe1+ 40.
Kg2 Qe4+ 41.Kg1 Qe3+ 42.Kg2 Qxc5 43.Qh8 Qc6+ 44.Kh3 Qe8 45.Qxh7+ Kf6 46.
Rd6+ Ke5 47.Qxg6 Qxg6 48.Rxg6 Kd4 49.Kh4 b5 50.Kg5 Re5 51.Rb6 Kc5 52.Rb8 
b4 53.Kf4 Rd5 54.h4 Kc4 55.h5 b3 56.h6 Rb5 1-0

[Event "2nd OHRA Open"]
[Site "Amsterdam NED"]
[Date "1983.07.28"]
[Round "11"]
[White "Berg, Klaus"]
[Black "Hresc, Vladimir"]
[Result "1/2-1/2"]
[WhiteElo "2400"]
[BlackElo "2450"]
[EventDate "1983.07.15"]
[PlyCount "28"]

1.c4 e5 2.g3 Nf6 3.Bg2 Nc6 4.Nf3 h6 5.Nc3 Bb4 6.Nd5 a5 7.O-O O-O 8.d4 exd4
9.Nxd4 Nxd5 10.cxd5 Nxd4 11.Qxd4 d6 12.b3 Bc5 13.Qc3 Bb4 14.Qd4 Bc5 
1/2-1/2

[Event "2nd OHRA Open"]
[Site "Amsterdam NED"]
[Date "1983.07.28"]
[Round "11"]
[White "Van der Vliet, Fredrik"]
[Black "Grooten, Herman"]
[Result "1-0"]
[WhiteElo "2345"]
[BlackElo "2340"]
[EventDate "1983.07.15"]
[PlyCount "55"]

1.d4 Nf6 2.c4 e6 3.Nf3 c5 4.d5 exd5 5.cxd5 d6 6.Nc3 g6 7.Bf4 a6 8.a4 Bg7 
9.e4 O-O 10.Be2 Bg4 11.O-O Re8 12.Nd2 Bxe2 13.Qxe2 Nh5 14.Be3 Nd7 15.a5 
Qh4 16.Nc4 Bxc3 17.bxc3 Rxe4 18.Nxd6 Re5 19.Qf3 f5 20.Nxb7 Qc4 21.d6 f4 
22.Nxc5 Rd8 23.Nxd7 Rxd7 24.Qa8+ Kf7 25.Qh8 Qe4 26.Bd4 Re8 27.Qxh7+ Ke6 
28.Rae1 1-0